| 000 | 00487 a2200181 4500 | ||
|---|---|---|---|
| 001 | 066900 | ||
| 003 | OSt | ||
| 005 | 20211021164417.0 | ||
| 008 | |||
| 082 |
_a512.4 _bA53R |
||
| 100 | 1 | _aAllenby, R.B.J.T. | |
| 245 | 1 |
_aRings, fields and groups _cby R.B.J.T. Allenby |
|
| 250 | _a2nd ed. | ||
| 260 |
_aNew Delhi _bElsevier _c2006 |
||
| 300 | _a383p. | ||
| 690 | _aAlgebra, Abstract; Rings (Algebra); Algebraic fields; Group theory | ||
| 942 |
_2ddc _cBK |
||
| 999 |
_c893 _d893 |
||